000 00199nam a2200085 4500
001 1255689
005 20251211130647.0
245 _aKİRAZ AĞACININ ARDINDAN
_cPAOLA PERETTI
260 _bTİMAŞ YAYINLARI
999 _c1255689
_d1255689